000 01200nam a22003497a 4500
003 CHAP
005 20220329141515.0
008 971013s1986 r 10010 d
010 _a69259
011 _a70231
035 _a79712
040 _cCHAP
082 _a631.46
_bI58
111 0 0 _aInternational Symposium on Nitrogen Fixation with Non - Legumes (
_n3
_d: 1984
_c: Helsinky)
_959950
245 _aNitrogen fixation with non-legumes
260 _aDorcrecht :
_bMartinus Nijhoff,
_c1986
300 _a460 p.
_b: ilus. ; gráfs.
490 _aDevelopments in plant and soil sciences
_v; 21
500 _a33-162
590 _aBATCH-UPD
_b10
_c20130110
_lUCH01
_h0822
590 _aBATCH-UPD
_b10
_c20130410
_lUCH01
_h0459
590 _aBATCH-UPD
_b10
_c20130914
_lUCH01
_h0508
590 _aCONVERSION
_b10
_c20130109
_lUCH01
_h1338
650 1 4 _aAzospirillum.
_99126
650 1 4 _aNitrógeno
_xFijación.
_981472
700 0 _aSkinner, Frederic Arthur.
_9106826
700 0 _aUomala, P.
_9116798
830 0 _aDevelopments in plant and soil sciences
_v; 21
_932288
901 _aBK
942 _cLIBRO
949 _a631.46 I58
_bBC
_cLIBRO
_d33724000078200
_eLIBRO
_gI. 146826
_h75837
_i79712
_si
_t555.78
999 _c69259
_d69259